000 00738nam a2200205Ia 4500
003 GCL
005 20240530103844.0
008 140319s9999 xx 000 0 ara d
040 _aGCL /
_cGCL
082 0 4 _a810.901
_bا ا
100 0 _4السيد تقى الدين السيد
245 1 0 _aابى حنيفة الدينورى ومدرسته فى الآدب والنقد /
_cالسيد تقى الدين السيد
260 _a( القاهرة )
_bنهضة مصر للطباعة والنشر والتوزيع
_cد ت
300 _a392
490 _aكتاب
_v0
650 0 4 _aالادب العربى
650 0 4 _aالادب العربى - تاريخ ونقد
650 0 4 _aابى حنيفة الدينورى
942 _2ddc
_cBK
999 _c43001
_d43001